00342 a2200145 450000100060000002000150000604000240002110000220004524000410006724500360010830000070014436200090015144000120016065000240017270670 a8508052715 cAnchieta - Itaigara aPortela, Fernando10aÊxodo rural e urbanizaçãolpor10aÊxodo rural e urbanização a470 a2000 1aÁtica 4aGeografia e viagens